Antrorastria samparka (Record no. 6771)

MARC details
000 -LEADER
fixed length control field 00524cam a2200217ua 4500
008 - FIXED-LENGTH DATA ELEMENTS--GENERAL INFORMATION
fixed length control field 141218n ii |||gr||||Z||||||asm
020 ## - INTERNATIONAL STANDARD BOOK NUMBER
International Standard Book Number 9788192321882
040 ## - CATALOGING SOURCE
Transcribing agency MAIN
041 ## - LANGUAGE CODE
-- asm
082 ## - DEWEY DECIMAL CLASSIFICATION NUMBER
Classification number 327
100 ## - MAIN ENTRY--PERSONAL NAME
Personal name Das, D.,
Relator term
245 1# - TITLE STATEMENT
Title Antrorastria samparka
Statement of responsibility, etc. By Deepan Das
250 ## - EDITION STATEMENT
Edition statement 1st.
260 ## - PUBLICATION, DISTRIBUTION, ETC.
Place of publication, distribution, etc. Dibrugarh:
Name of publisher, distributor, etc. National,
Date of publication, distribution, etc. 2013.
300 ## - PHYSICAL DESCRIPTION
Extent 543p.
700 ## - ADDED ENTRY--PERSONAL NAME
Personal name Sarkar, T.,
Relator term
700 ## - ADDED ENTRY--PERSONAL NAME
Personal name Bora, G. Ch.,
Relator term
942 ## - ADDED ENTRY ELEMENTS (KOHA)
Koha item type Books
653 ## - INDEX TERM--UNCONTROLLED
Uncontrolled term International relations
Holdings
Withdrawn status Lost status Damaged status Not for loan Home library Current library Shelving location Date acquired Total Checkouts Full call number Barcode Date last seen Date last checked out Copy number Price effective from Koha item type
        Naharkatiya College Library Naharkatiya College Library General Stacks 19/09/2020 1 327 | DAS 22650 10/03/2023 06/02/2023 1 19/09/2020 Books

Naharkatiya College © 2020. All rights reserved.

Powered By